Język Niemiecki cz. 1 - Statystyki

Ogólne statystyki
  • Ten quiz został rozwiązany 101 razy
  • Średni wynik to 14 z 29
Statystyki odpowiedzi
PL DE % Poprawnych
dobrze gut
89%
pani Frau
82%
i/a und
82%
pan Herr
80%
przychodzić kommen
78%
być sein
76%
tutaj hier
73%
studiować studieren
73%
mieszkać wohnen
70%
z (np. Warszawy) aus
63%
nazywać się heißen
63%
żyć/mieszkać leben
63%
do (np. Warszawy) nach
63%
pytać fragen
60%
lecieć/latać fliegen
53%
zostać bleiben
49%
pochodzić z kommen aus
46%
podróżować reisen
45%
moje nazwisko meine Name
41%
informatyk Informatiker
37%
znać/umieć kennen
34%
pojutrze übermorgen
23%
na uniwersytecie an der Universität
14%
Kim jest pan/pani z zawodu? Was sind Sie von Beruf?
7%
tam (ruch w danym kierunku) dorthin
5%
pierwszy raz zum ersten Mal
4%
to miło z pana/pani strony das ist nett von Ihnen
2%
wspólnie/razem gemainsam
2%
co za przypadek so ein Zufall
0%
Nie znaleziono quizów pasujących do podanych kryteriów
Rozkład punktacji
Procent ludzi z każdym wynikiem
Percentyl według liczby udzielonych odpowiedzi
Twoja historia wyników
Nie rozwiązałeś tego quizu